000
00283nam a2200121Ia 4500
005
20251222155142.0
008
251222s9999||||xx |||||||||||||| ||spa||
082
_a
REL.176
100
_a
CLAVEL, Alberto.
245
0
_a
Mes de mayo, mes de MarĂa
264
_b
No tiene
942
_c
LIB
999
_c
39217
_d
39217